000 01066nam a22002537a 4500
005 20240305165409.0
007 cr|||| ||||
008 130327e2008 ck |||||s|||| 00||0 spa d
020 _a978-958-8378-68-8
035 _a9152
040 _avLex
090 _c4064
_d4064
100 1 0 _aHernández Villarreal, Gabriel
245 1 0 _aTemas vigentes en materia de derecho procesal y probatorio
_c/ Gabriel Hernández Villarreal
_h[Recurso electrónico]
256 _aServicio en línea
260 _aBogotá :
_bEditorial Universidad de Rosario (Colombia),
_c2008
300 _a1 Recurso electrónico
506 _dvLex Global
_dvLex Global (Academic Edition, excluding Law Schools)
_dvLex Global (U.S. Academic Edition, Law Schools)
_dvLex Global (U.S. Academic Edition, excluding Law Schools)
_dvLex Global (Academic Edition, Law Schools)
650 0 4 _aDerecho procesal
_zColombia
650 0 4 _aDerecho probatorio
_zColombia
740 _avLex Libros (Servicio en línea)
856 _aAcceso restringido
_uhttp://www.vlex.com/source/9152
942 _cRAA
999 _c162435
_d162435